|
|
|
|
| LEADER |
00000cam a22000004a 4500 |
| 001 |
musev2_35944 |
| 003 |
MdBmJHUP |
| 005 |
20230905043800.0 |
| 006 |
m o d |
| 007 |
cr||||||||nn|n |
| 008 |
060626m20069999ilu o 00 0 eng d |
| 010 |
|
|
|z 2019720005
|
| 020 |
|
|
|a 9780252097218
|
| 020 |
|
|
|z 9780252085901
|
| 020 |
|
|
|z 9780252031427
|
| 035 |
|
|
|a (OCoLC)897117171
|
| 040 |
|
|
|a MdBmJHUP
|c MdBmJHUP
|
| 041 |
1 |
|
|a eng
|h fre
|
| 100 |
1 |
|
|a Beauvoir, Simone de,
|d 1908-1986,
|e author.
|
| 240 |
1 |
0 |
|a Carnets de jeunesse.
|l English
|
| 245 |
1 |
0 |
|a Diary of a Philosophy Student :
|b Volume 1, 1926-27 /
|c Simone de Beauvoir ; edited by Barbara Klaw, Sylvie Le Bon de Beauvoir, and Margaret A. Simons, with Marybeth Timmermann ; foreword by Sylvie Le Bon de Beauvoir ; translations, notes, and annotations by Barbara Klaw ; transcribed by Barbara Klaw and Sylvie Le Bon de Beauvoir.
|
| 264 |
|
1 |
|a Urbana :
|b University of Illinois Press,
|c 2006-
|
| 264 |
|
3 |
|a Baltimore, Md. :
|b Project MUSE,
|c 2016
|
| 264 |
|
4 |
|c ©2006-
|
| 300 |
|
|
|a 1 online resource (392 pages).
|
| 336 |
|
|
|a text
|b txt
|2 rdacontent
|
| 337 |
|
|
|a computer
|b c
|2 rdamedia
|
| 338 |
|
|
|a online resource
|b cr
|2 rdacarrier
|
| 490 |
0 |
|
|a The Beauvoir series
|
| 505 |
0 |
0 |
|t Foreword to the Beauvoir Series /
|r Sylvie Le Bon de Beauvoir
|g vii --
|t The Literary and Historical Context of Beauvoir's Early Writings: 1926-27 /
|r Barbara Klaw
|g 7 --
|t Beauvoir's Early Philosophy: 1926-27 /
|r Margaret A. Simons
|g 29 --
|t Diary of a Philosophy Student --
|t August 6-December 2, 1926
|g 53 --
|t April 17-October 21, 1927
|g 225.
|
| 546 |
|
|
|a Translated from the French.
|
| 588 |
|
|
|a Description based on print version record.
|
| 600 |
1 |
7 |
|a Beauvoir, Simone de,
|d 1908-1986.
|2 fast
|0 (OCoLC)fst00048716
|
| 600 |
1 |
0 |
|a Beauvoir, Simone de,
|d 1908-1986.
|
| 650 |
|
7 |
|a BIOGRAPHY & AUTOBIOGRAPHY / Philosophers
|2 bisacsh
|
| 650 |
|
7 |
|a PHILOSOPHY / History & Surveys / Modern
|2 bisacsh
|
| 651 |
|
7 |
|a Frankrijk.
|2 gtt
|
| 655 |
|
7 |
|a Electronic books.
|2 local
|
| 700 |
1 |
|
|a Simons, Margaret A.
|
| 700 |
1 |
|
|a Le Bon de Beauvoir, Sylvie.
|
| 700 |
1 |
|
|a Klaw, Barbara.
|
| 710 |
2 |
|
|a Project Muse.
|e distributor
|
| 830 |
|
0 |
|a Book collections on Project MUSE.
|
| 856 |
4 |
0 |
|z Texto completo
|u https://projectmuse.uam.elogim.com/book/35944/
|
| 945 |
|
|
|a Project MUSE - Custom Collection
|
| 945 |
|
|
|a Project MUSE - Archive Complete Supplement IV
|
| 945 |
|
|
|a Project MUSE - Archive Global Cultural Studies Supplement IV
|